Strengthening Policy Research: (Record no. 171223)

MARC details
000 -LEADER
fixed length control field 00650nam a22001937a 4500
005 - DATE AND TIME OF LATEST TRANSACTION
control field 20200109104003.0
010 ## - LCCN (DPL NO)
LC control number ENG-127301
020 ## - INTERNATIONAL STANDARD BOOK NUMBER
Terms of availability 1195.00
International Standard Book Number 978019946819
035 ## - SYSTEM CONTROL NUMBER
System control number EN-110833
037 ## - SOURCE OF ACQUISITION
Source of stock number/acquisition DBAD/PUB.
082 ## - DEWEY DECIMAL CLASSIFICATION NUMBER
Classification number 754.51
100 ## - MAIN ENTRY--PERSONAL NAME
Personal name Saikia,Arupjyoti
245 ## - TITLE STATEMENT
Title Strengthening Policy Research:
Statement of responsibility, etc by Arupjyoti Saikia.
Remainder of title a biography of the brahmaputra /
260 ## - PUBLICATION, DISTRIBUTION, ETC. (IMPRINT)
Place of publication, distribution, etc New Delhi
Name of publisher, distributor, etc oxford University press 2019.
Date of publication, distribution, etc 2019
270 ## - ADDRESS
Address 22 workspace,2nd floor,1/22 Asaf Ali Road .
City New Delhi
Postal code 110002
300 ## - PHYSICAL DESCRIPTION
Extent xxxv,393p.
Dimensions 22cm.(hb)
500 ## - GENERAL NOTE
General note It includes Bibliography index
942 ## - ADDED ENTRY ELEMENTS (KOHA)
Source of classification or shelving scheme Dewey Decimal Classification
Item type English Books
Call number suffix SAI
Classification part 954.51
Holdings
Withdrawn status Lost status Not for loan Collection code Home library Current library Date acquired Source of acquisition Cost, normal purchase price Full call number Barcode Copy number Cost, replacement price Koha item type
      Non-fiction D.B.Act.Division D.B.Act.Division 09/01/2020 DBAD/PUB 1195.00 954.51 SAI EN-110833 1 1195.00 English Books

© Delhi Public Library
Hit Counter
free hit counter